=LDR 00000nam 2200000 4500 =001 INLIS000000000038774 =005 20130612144432 =008 ***********************************Ind** =035 ##$$a0010-061300000038774 =041 ##$$a Ind =082 ##$$a 631.86 =090 ##$$a 631.86, Set m =100 ##$$a Setiawan, Budi Susilo =245 ##$$a Membuat pupuk kandang secara tepat kandang secara cepat, Oleh Budi Susilo Setiawan; Editor, Surip Prayugo =260 ##$$a 2010 $b Jakarta =300 ##$$a 67 hlm, Ilus, 22 cm =650 ##$$a Pupuk Kandang =700 ##$$a Prayugo, Surip =850 ##$$a NBPNMAT =990 ##$$a 21400613/BPAP-NTB/20142014